000
00276nam a2200121Ia 4500
008
190216s9999||||xx |||||||||||||| ||und||
100
_a
Bernard S Meyer
245
0
_a
Plant Physiology
260
_b
D -van Nostrand Co.
_c
1952
300
_a
784p
650
_a
Botany
942
_c
BK
999
_c
1133
_d
1133